Countries mentioned in the Wikipedia page of Costa Rica - Statistics

General Stats
  • This quiz has been taken 44 times
  • The average score is 22 of 31
Answer Stats
Frequency Context Country % Correct
11 Shares a land border with ... Panama
100%
13 Shares a land border with ... Nicaragua
98%
2 Never fought for independence from ... Spain
98%
6 In 2016, the highest number of tourists came from ... United States
98%
2 About 489,200 immigrants lived in the country, many from ... Honduras
95%
2 In the 2011 Travel and Tourism Competitiveness Index, Costa Rica ranked second among Latin American countries after ... Mexico
95%
2 President Mario Echandi ended diplomatic relations with ... Cuba
93%
6 About 489,200 immigrants lived in the country, many from ... Guatemala
93%
2 Hosts many refugees, mainly from ... Colombia
90%
3 About 489,200 immigrants lived in the country, many from ... El Salvador
90%
1 Other countries with state religions include ... United Kingdom
90%
1 125,306 Costa Ricans live abroad in ... Venezuela
90%
1 Took in many refugees during the 1970s and 1980s, notably from ... Argentina
88%
2 Shares a maritime border with ... Ecuador
85%
1 About 489,200 immigrants lived in the country, many from ... Belize
83%
1 125,306 Costa Ricans live abroad in ... Canada
83%
1 Took in many refugees during the 1970s and 1980s, notably from ... Chile
80%
1 Stadium was inaugurated with match between the national teams of Costa Rica and ... China
78%
1 125,306 Costa Ricans live abroad in ... Germany
73%
1 BOGA campaign was presented in the COP26 Climate Summit, where ... joined as an associate member Portugal
73%
1 125,306 Costa Ricans live abroad in ... Dominican Republic
68%
1 Other countries with state religions include: ... Vatican City
46%
1 Broke diplomatic ties with ... Taiwan
44%
1 BOGA campaign was presented in the COP26 Climate Summit, where ... joined as a core member Sweden
41%
2 Launched the "Beyond Oil and Gas alliance" with ... Denmark
39%
1 Other countries with state religions include: ... Greece
32%
1 Other countries with state religions include: ... Iceland
32%
1 Other countries with state religions include: ... Malta
22%
1 Other countries with state religions include: ... Monaco
22%
1 Other countries with state religions include: ... Liechtenstein
20%
1 BOGA campaign was presented in the COP26 Climate Summit, where ... joined as an associate member New Zealand
20%
No matching quizzes found
Score Distribution
Percent of People with Each Score
Percentile by Number Answered
Your Score History
You have not taken this quiz